[Event "Augustow op"]
[Site "Augustow"]
[Date "2004.??.??"]
[Round "7"]
[White "Granacki, Artur"]
[Black "Czajkowski, Piotr"]
[Result "1-0"]
[WhiteElo "1600"]
[BlackElo "1600"]
[PlyCount "67"]
[EventDate "2004.08.??"]
[EventType "swiss"]
[EventRounds "9"]
[EventCountry "POL"]
[SourceTitle "EXT 2008"]
[Source "ChessBase"]
[SourceDate "2007.11.25"]
[SourceVersion "1"]
[SourceVersionDate "2007.11.25"]
[SourceQuality "1"]

1. d4 e5 2. dxe5 Nc6 3. Nf3 Qe7 4. e3 Nxe5 5. Be2 Nf6 6. Nc3 d6 7. h3 Bf5 8. Qd4 Nc6 9. Qd2 Qe6 10. Bb5 Be7 11. Nd4 Qd7 12. 0-0 Bxh3 13. gxh3 Qxh3 14. Bxc6+ bxc6 15. f3 c5 16. Nc6 Qd7 17. Nxe7 Qxe7 18. e4 c6 19. Qg2 Nh5 20. Kf2 Rb8 21. Rg1 g6 22. b3 f6 23. Ne2 d5 24. Ng3 Nxg3 25. Qxg3 Rb6 26. exd5 Qd7 27. Re1+ Kf8 28. Bh6+ Kg8 29. dxc6 Rxc6 30. Qb8+ Rc8 31. Rad1 Qxd1 32. Qxc8+ Kf7 33. Qc7+ Kg8 34. Qg7# 1-0

[Event "Augustow op"]
[Site "Augustow"]
[Date "2004.??.??"]
[Round "3"]
[White "Granacki, Artur"]
[Black "Grzyb, Andrzej"]
[Result "1-0"]
[WhiteElo "1600"]
[BlackElo "1600"]
[PlyCount "117"]
[EventDate "2004.08.??"]
[EventType "swiss"]
[EventRounds "9"]
[EventCountry "POL"]
[SourceTitle "EXT 2008"]
[Source "ChessBase"]
[SourceDate "2007.11.25"]
[SourceVersion "1"]
[SourceVersionDate "2007.11.25"]
[SourceQuality "1"]

1. d4 Nf6 2. c4 g6 3. Nc3 Bg7 4. e3 d6 5. Nf3 0-0 6. Be2 Nbd7 7. 0-0 c5 8. h3 Nb6 9. Qc2 Bf5 10. Bd3 Bxd3 11. Qxd3 cxd4 12. exd4 Rc8 13. b3 Qc7 14. Nb5 Qb8 15. Be3 a6 16. Na3 Nbd7 17. Rae1 d5 18. c5 Ne4 19. Ng5 Ndf6 20. Nxe4 Nxe4 21. Nb1 e5 22. b4 Rfe8 23. Nc3 Nxc3 24. Qxc3 b6 25. Qd3 bxc5 26. bxc5 Qb7 27. Rb1 Qa7 28. dxe5 Rxe5 29. Rb6 a5 30. c6 Qe7 31. Qa6 Rd8 32. Rb7 Qe6 33. c7 Rc8 34. Qxe6 Rxe6 35. Rb8 Ree8 36. Bf4 Bd4 37. Rfb1 Ba7 38. Rxc8 Rxc8 39. Rb8 Rxb8 40. cxb8Q+ Bxb8 41. Bxb8 Kf8 42. a4 Ke7 43. Bc7 Kd7 44. Bxa5 Kc6 45. Bc3 Kc5 46. a5 Kb5 47. f3 d4 48. Bxd4 Kxa5 49. Kf2 Kb5 50. Kg3 Kc6 51. Kf4 Kd5 52. Bc3 Ke6 53. g4 f6 54. Ke4 Kf7 55. Kd5 g5 56. Kd6 Kg6 57. Ke6 Kh6 58. Bxf6 Kg6 59. Bd8 1-0